书目信息 |
| 题名: |
拔都汗
|
|
| 作者: | 瓦西里·扬 著 ;陈弘法 译 | |
| 分册: | 上 | |
| 出版信息: | 北京 外文出版社 2010.03 |
|
| 页数: | 234页 | |
| 开本: | 21cm | |
| 丛书名: | 汗血马系列丛书 | |
| 单 册: | ||
| 中图分类: | I512.45 | |
| 科图分类: | ||
| 主题词: | 历史小说--苏联 | |
| 电子资源: | ||
| ISBN: | 978-7-119-03721-9 | |
| 000 | 00855nam 2200253 45 | |
| 001 | 012006000000 | |
| 005 | 20100809091949.67 | |
| 010 | @a978-7-119-03721-9@dCNY30.00 | |
| 100 | @a20100515d2010 em y0chiy0121 ea | |
| 101 | 1 | @achi@crus |
| 102 | @aCN@b110000 | |
| 105 | @ay z 000ay | |
| 200 | 1 | @a拔都汗@Aba du han@f(苏联) 瓦西里·扬著@F(su lian)wa xi li·yang zhu@g陈弘法译@h上 |
| 210 | @a北京@c外文出版社@d2010.03 | |
| 215 | @a234页@d21cm | |
| 225 | 2 | @a汗血马系列丛书@Ahan xue ma wen ku |
| 330 | @a本书描述了拔都汗率领蒙古大军从1236年至1238年间征服不里阿耳、攻占钦察草原, 袭破梁赞、莫斯科和弗拉基米尔的全过程。 | |
| 410 | 0 | @12001 @a汗血马系列丛书 |
| 606 | 0 | @a历史小说@y苏联 |
| 690 | @aI512.45@v4 | |
| 701 | 1 | @a瓦西里·扬@Awa xi li·yang@4著 |
| 702 | 0 | @a陈弘法@Achen hong fa@4译 |
| 801 | 0 | @aCN@c20100515 |
| 905 | @dI512.45@eY126:1@f5 | |
| 拔都汗/(苏联) 瓦西里·扬著/陈弘法译.上.-北京:外文出版社,2010.03 |
| 234页;21cm.-(汗血马系列丛书) |
| ISBN 978-7-119-03721-9:CNY30.00 |
| 本书描述了拔都汗率领蒙古大军从1236年至1238年间征服不里阿耳、攻占钦察草原, 袭破梁赞、莫斯科和弗拉基米尔的全过程。 |
| ● |
| 相关链接 |
|
|
|
正题名:拔都汗
索取号:I512.45/Y126:1
 
预约/预借
| 序号 | 登录号 | 条形码 | 馆藏地/架位号 | 状态 | 备注 |
| 1 | 999679 | 209996799 | 社科二线422/422社科库 30排3列4层/ [索取号:I512.45/Y126:1] | 在馆 | |
| 2 | 999680 | 209996806 | 文学库116/116文学库 17排2列4层/ [索取号:I512.45/Y126:1] | 在馆 | |
| 3 | 999681 | 209996815 | 文学库116/116文学库 17排2列4层/ [索取号:I512.45/Y126:1] | 在馆 | |
| 4 | 999682 | 209996824 | 社科二线422/422社科库 30排3列4层/ [索取号:I512.45/Y126:1] | 在馆 | |
| 5 | 999683 | 209996833 | 社科二线422/422社科库 30排3列4层/ [索取号:I512.45/Y126:1] | 在馆 |